000 00693nam a22001457a 4500
999 _c533197
_d533197
008 260429b ||||| |||| 00| 0 eng d
100 _a Bhaskar, Anurag
_960314
245 _aThe academician as leader: The life of Upendra Baxi
260 _aEconomic & Political Weekly
300 _a61(11), Mar 14, 2026: p.24-27
520 _aOf Law and Life: Upendra Baxi in Conversation with Arvind Narrain, Lawrence Liang, Sitharamam Kakarala, and Sruti Chaganti, Hyderabad: Orient BlackSwan, 2024; pp xxi + 582, ₹2,310.-Reproduced https://www.epw.in/journal/2026/11/book-reviews/academician-leader.html
773 _aEconomic & Political Weekly
906 _aBOOK REVIEW
942 _cAR